| 000 | 00506nam a22001817a 4500 | ||
|---|---|---|---|
| 003 | OSt | ||
| 005 | 20230929134640.0 | ||
| 008 | 230929b |||||||| |||| 00| 0 eng d | ||
| 020 | _a9781304603784 | ||
| 040 | _cDDC | ||
| 082 | _aWM100 Z63m 2013 | ||
| 100 |
_aZhang, Melvyn W.B.; C.M. HO, Roger; Cyrus, S.H. HO _916668 |
||
| 245 | _aMastering Psychiatry: a core textbook of undergraduates | ||
| 260 | _aSingapore, 2013 | ||
| 300 | _a=500p; ill: 28cm | ||
| 650 |
_aPsychiatry _9351 |
||
| 942 |
_2ddc _cO_SHELF |
||
| 999 |
_c8164 _d8164 |
||